Gry VALVE - Statystyki

Ogólne statystyki
  • Ten quiz został rozwiązany 139 razy
  • Średni wynik to 11 z 36
Statystyki odpowiedzi
Tytuł Gry Rok Wydania % Poprawnych
Half-Life 1998
94%
Counter Strike: Global Offensive 2012
89%
Half-Life 2 2004
88%
Counter-Strike 2000
74%
Portal 2007
69%
Portal 2 2011
68%
Counter-Strike: Source 2004
66%
Team Fortress 2 2007
61%
Half-Life: Alyx 2020
55%
Left 4 Dead 2008
49%
Left 4 Dead 2 2009
47%
Dota 2 2013
40%
Team Fortress Classic 1999
36%
Half-Life: Blue Shift 2001
33%
Counter-Strike: Condition Zero 2004
31%
Half-Life: Opposing Force 1999
29%
Half-Life 2: Episode One 2006
24%
Half-Life 2: Episode Two 2007
23%
Day of Defeat 2003
21%
Half-Life: Source 2004
20%
Day of Defeat: Source 2005
16%
Ricochet 2000
15%
Half-Life 2: Deathmatch 2004
14%
The Lab 2016
12%
Half-Life 2: Lost Coast 2005
11%
Deathmatch Classic 2001
8%
Aperture Desk Job 2022
6%
Counter-Strike Nexon: Zombies 2014
6%
Alien Swarm 2010
5%
Counter-Strike: Online 2008
3%
Counter Strike: Online 2 2013
2%
Counter-Strike: Neo 2003
1%
Dota Underloads 2020
1%
Codename: Gordon 2004
0%
Half-Life 2: Survivor 2006
0%
Left 4 Dead: Survivors 2014
0%
Nie znaleziono quizów pasujących do podanych kryteriów
Rozkład punktacji
Procent ludzi z każdym wynikiem
Percentyl według liczby udzielonych odpowiedzi
Twoja historia wyników
Nie rozwiązałeś tego quizu